000
00271nam a22001097a 4500
008
170120b xxu||||| |||| 00| 0 eng d
020
_a
0534011497
041
_a
eng
080
_a
618.2
245
_a
NURSING MODELS/ ANALYSIS AND EVALUATION
_c
THIBODEAU, J.A
942
_2
udc
_c
BK
999
_c
3213
_d
3213